00909cam a22002534a 45000010009000000050017000090080041000260100017000670200015000840400018000990420008001170500021001250820014001461000021001602450087001812500012002682600043002803000021003235040051003445050197003956500015005926500013006076500035006201298678520170105102915.0021030s2003    nyu      b    001 0 eng    a  2002153051  a1402566182  aDLCcDLCdDLC  apcc00aJC423b.Z35 200300a321.82211 aZakaria, Fareed.14aThe future of freedom :billiberal democracy at home and abroad /cFareed Zakaria.  a1st ed.  aNew York :bW.W. Norton & Co.,cc2003.  a385 p. ;c25 cm.  aIncludes bibliographical references and index.0 aThe democratic age -- A brief history of human liberty -- The twisted path -- Illiberal democracy -- The Islamic exception -- Too much of a good thing -- The death of authority -- The way out. 0aDemocracy. 0aLiberty. 0aPolitical sciencexPhilosophy.